Estudio comparativo, estrategias para la enseñanza-aprendizaje por competencia de la Química, politécnicos Distrito 16-01 y Distrito 16-02/Génesis Yazmin Vásquez De la Cruz, Cándido Cruz Adames y Riquelin De la Cruz. ; asesor Ana Mercedes Adames (Registro nro. 18877)

Detalles MARC
000 -LEADER
fixed length control field 01196nam a22002411a 4500
001 - CONTROL NUMBER
control field 18877
003 - CONTROL NUMBER IDENTIFIER
control field OSt
005 - DATE AND TIME OF LATEST TRANSACTION
control field 20260204212425.0
008 - FIXED-LENGTH DATA ELEMENTS--GENERAL INFORMATION
fixed length control field 181017s2018||||dr ||||||b||||||||||spa||
090 ## - LOCALLY ASSIGNED LC-TYPE CALL NUMBER (OCLC); LOCAL CALL NUMBER (RLIN)
Classification number (OCLC) (R) ; Classification number, CALL (RLIN) (NR) EDU-BQ 2018 V176
100 1# - ASIENTO PRINCIPAL -- NOMBRE PERSONAL
Personal name Vásquez De la Cruz, Génesis Yazmin
Relator term sustentante
245 1# - TÍTULO PROPIAMENTE DICHO: SUBTÍTULO
Title Estudio comparativo, estrategias para la enseñanza-aprendizaje por competencia de la Química, politécnicos Distrito 16-01 y Distrito 16-02/Génesis Yazmin Vásquez De la Cruz, Cándido Cruz Adames y Riquelin De la Cruz. ; asesor Ana Mercedes Adames
260 ## - PUBLICATION, DISTRIBUTION, ETC.
Place of publication, distribution, etc. Cotuí, República Dominicana :
Name of publisher, distributor, etc. UTECO,
Date of publication, distribution, etc. 2018
300 ## - PHYSICAL DESCRIPTION
Extensión 68 hojas :
Other physical details Ilustraciones ;
Dimensions 2018
502 ## - THESIS NOTE
Dissertation note Trabajo de grado (Licenciatura en Educación, Mención Biología y Química )--Universidad Tecnológica del Cibao Oriental, 2018<br/>
504 ## - BIBLIOGRAPHY, ETC. NOTE
Bibliography, etc. note Incluye referencia bibliográfica e índice<br/>
650 #4 - ASIENTO SECUNDARIO DE MATERIA -- TERMINO TOPICO
Asiento secundario de materia Estudio comparativo, estrategias para la enseñanza
700 1# - ASIENTO SECUNDARIO -- NOMBRE PERSONAL
Personal name Cruz Adames, Cándido
Relator term sustentante
700 1# - ASIENTO SECUNDARIO -- NOMBRE PERSONAL
Personal name De la Cruz, Riquelin
Relator term sustentante
700 1# - ASIENTO SECUNDARIO -- NOMBRE PERSONAL
Personal name Mercedes Adames, Ana
Relator term asesor
830 ## - ASIENTO SECUNDARIO DE SERIE - TÍTULO UNIFORME
Uniform title Tesis y disertaciones académicas (Universidad Tecnológica del Cibao Oriental)
942 ## - ADDED ENTRY ELEMENTS (KOHA)
Source of classification or shelving scheme Clasificación Local
Koha item type Tesis
Existencias
Withdrawn status Lost status Source of classification or shelving scheme Damaged status Not for loan Collection code Home library Current library Shelving location Date acquired Inventory number Full call number Barcode Date last seen Copy number Price effective from Koha item type
    Clasificación Local   Préstamo Interno Trabajos de Grado e Investigación   Biblioteca UTECO En Estantería 09/09/2019 ET-2018-087 EDU-BQ 2018 V176 ET-2018-087 09/09/2019 Ej.1 09/09/2019 Tesis
© 2021 Derechos Reservados UTECO - Teléfono: +1 809-585-2291 - Correo electrónico: biblioteca@uteco.edu.do​  
Código postal 43000 ​​
Dirección: Avenida Universitaria No. 100, 
Cotuí, Provincia Sánchez Ramírez, República Dominicana - RNC: 404-00059-6